LEADER 01236nam a2200313 u 4500 001 000000074830 003 CaOOAMICUS 005 20070226123031.0 008 021218s1996 gw u000 u ger u 020 $a3110149699 035 $a10949195 040 $aPUL$bita 100 1 $aHuizing, Klaas.$0(OLS)http://pul/name/49642 245 10$aHomo legens :$bvom Ursprung der Theologie im Lesen /$cKlaas Huizing. 260 $aBerlin :$bDe Gruyter,$c1996. 300 $axi, 243 p. ;$c22 cm 490 1 $aTheologische Bibliothek Töpelmann ;$vBd. 75 500 $aContiene indici. 504 $aBibliografia: p. [224]-239. 650 4$aTeologia$xMetodologia.$0(OLS)http://pul/subject/15735 650 4$aErmeneutica.$0(OLS)http://pul/subject/438 830 0$aTheologische Bibliothek Töpelmann ;$vBd. 75.$0(OLS)http://pul/title/7111 850 $aPUL 852 $aPUL$W1$xDP2 Religione 1$y63$m17 I 75$j96435$nBK-PRI$b $qStampati$B96435$CPULBib$Z2$F96435 $81 941 1 $a8 961 $aINV: 89355 996 $6020$a3110149699$9(OLS)http://pul/number/97326 996 $6245$aHomo legens :$bvom Ursprung der Theologie im Lesen$9(OLS)http://pul/title/98180 996 $6260$aBerlin :$bDe Gruyter$9(OLS)http://pul/publisher/48625 LEADER 01441nam a2200361 a 4500 001 000000157008 003 CaOOAMICUS 005 20161201175821.0 008 161201s2013 it 000 u ita r 020 $a978-88-01-05565-8* 032 $aLibriCat 040 $aPUL$bita 082 14$a264 245 00$aDizionario di Omiletica /$ca cura di Manlio Sodi e Achille M. Triacca . 250 $aSeconda ristampa con nuova presentazione. 260 $aTorino :$bEllediCi ;$aGorle (Bg) :$bVelar,$c©2013. 300 $aXIX, 1708 p. ; $c25 cm. 650 4$aOmelie.$0(OLS)http://pul/subject/1540 650 4$aLiturgia.$0(OLS)http://pul/subject/2437 700 1 $aSodi, Manlio,$cS.D.B.,$d1944-$0(OLS)http://pul/name/32025 700 1 $aTriacca, Achille M.,$d1935-2002.$0(OLS)http://pul/name/59441 850 $aPUL 852 $aPUL$W1$xSL Religione 3$y85$m264 SODMA 8$j180291$qDDC 21$B183416$CPULBib$Z2$F183416 $H128486 $81 941 1 $a9 960 $aPredicazione$91540 960 $aPredicazione$91540 960 $aOmiletica$91540 996 $6020$a978-88-01-05565-8*$9(OLS)http://pul/number/161614 996 $6082$a264$9(OLS)http://pul/classification/492 996 $6245$aDizionario di Omiletica$9(OLS)http://pul/title/59103 996 $6260$aTorino :$bEllediCi$9(OLS)http://pul/publisher/67120 996 $6260$aGorle (Bg) :$bVelar$9(OLS)http://pul/publisher/81239